| 000 -LEADER |
| fixed length control field |
00760cam a2200229 a 4500 |
| 020 ## - INTERNATIONAL STANDARD BOOK NUMBER |
| ISBN |
9789251065488 |
| 020 ## - INTERNATIONAL STANDARD BOOK NUMBER |
| ISBN |
9251065489 |
| 040 ## - CATALOGING SOURCE |
| Transcribing agency |
AGL |
| 082 ## - DEWEY DECIMAL CLASSIFICATION NUMBER |
| Classification number |
628 FOO 2010 A083 Or. |
| 100 1# - MAIN ENTRY--AUTHOR NAME |
| Personal name |
Dyck, Victor Arnold, |
| 245 10 - TITLE STATEMENT |
| Title |
Rearing codling moth for the sterile insect technique / |
| 260 ## - PUBLICATION, DISTRIBUTION, ETC. (IMPRINT) |
| Place of publication |
Rome : |
| Name of publisher |
Food and Agriculture Organization of the United Nations, |
| Year of publication |
2010. |
| 300 ## - PHYSICAL DESCRIPTION |
| Number of Pages |
ix, 197, [1] p. : |
| Other physical details |
ill. (some col.) |
| 490 1# - SERIES STATEMENT |
| Series statement |
FAO plant production and protection paper, |
| 650 #0 - SUBJECT ADDED ENTRY--TOPICAL TERM |
| Topical Term |
Insect sterilization. |
| 650 #0 - SUBJECT ADDED ENTRY--TOPICAL TERM |
| Topical Term |
Insect pests |
| 650 #0 - SUBJECT ADDED ENTRY--TOPICAL TERM |
| Topical Term |
Insect pests |
| 650 #0 - SUBJECT ADDED ENTRY--TOPICAL TERM |
| Topical Term |
Codling moth. |
| 710 2# - ADDED ENTRY--CORPORATE NAME |
| Corporate name or jurisdiction name as entry element |
Food and Agriculture Organization of the United Nations. |
| 856 41 - ELECTRONIC LOCATION AND ACCESS |
| Uniform Resource Identifier |
http://www.fao.org/docrep/013/i1537e/i1537e.pdf |
| 942 ## - ADDED ENTRY ELEMENTS (KOHA) |
| Koha item type |
សៀវភៅភាសាអង់គ្លេស |
| 952 ## - LOCATION AND ITEM INFORMATION (KOHA) |
| Withdrawn status [LOCAL, KOHA] |
0 |